Регионална библиотека "Любен Каравелов" - Русе

Кукери от Казанлъшко (Запис номер 376717)

MARC детайли
000 -Лидер
Контролно поле с фиксирана дължина nam a22 a 4500
003 - Код на организацията, давaща контролен номер
Контролно поле BLK
005 - Дата и час на последна редакция
Контролно поле 20200723133101.0
008 - Елементи от данни с фиксирана дължина
fixed length control field 200723b bu ||||| |||| 00| 0 bu d
040 ## - Източник на каталожния запис
Идентификатор на билиотеката - собственик на записа BLK
041 ## - Код за език
Код за езика на текст/звукозапис или на отделно заглавие Български
-- Руски
-- Английски
Код за езика КДБФ Български
080 ## - УДК
Текстов определител УДК Маски. Вж и 394.25
УДК код - определител по УДК 391.8
УДК определител (497.2-21)(084)
УДК - код + определител 391.8(497.2-21)(084)
139 ## - Редно поле
Редна дума Кукери от Казанлъшко
245 ## - Сведения за заглавието
Заглавие Кукери от Казанлъшко
Подзаглавни данни Изобразителен материал : комплект снимки
Редно поле (дума) състав. Катя Терзиева ; снимки Милко Кожухаров
260 ## - Област на издателските данни
9 (RLIN) 210539
Място на издаване, разпространение и проч. София
Име на издателя, разпространителя и проч. Септември
Година на издаване 1989
300 ## - Физическа характеристика
Страници 1 папка (15 отд. л. цв. снимки)
Размери/Мащаб 15 x 11 см
380 ## - Жанр
Жанр Обществени науки
500 ## - Общи забележки
Забележка Парал. текст на рус., англ. ез. - 5 000 тир.
653 #7 - Ключова дума – ненормативна
9 (RLIN) 189520
Ключова дума кукери
653 #0 - Ключова дума – ненормативна
9 (RLIN) 401783
Ключова дума снимкови албуми
700 ## - Други автори (авторска отговорност)
9 (RLIN) 1478
Лично име Терзиева, Катя
Автороска отговорност (Описва отношението между автора и произведението) състав.
852 ## - Местоположение
Форматна сигнатура Цб I 39669
Фондова буква Хранилище
999 ## - СИСТЕМНИ КОНТРОЛНИ НОМЕРА
Koha biblionumber 376717
Koha biblioitemnumber 376717
942 ## - АРТИКУЛИ
Вид на библиотечния материал Книги
Скрит в OPAC Не
Периодичен библиозапис Да
944 ## - СЪЗДАВАНЕ И РЕДАКЦИЯ на ЗАПИСА
Създаване/Редакция Създаване
Дата на регистрацията/редакция 2020-07-23
Служител, извършил регистрацията/редакцията гц
Наличности
Код за отписване Код за изгубен артикул Източник на класификационната схема Код за повреда Коз за рестрикции Код за отдаване Артикулен № Име на библиотеката - собственик Име на библиотеката, в която се намира в момента Статус (Текущо местоположение) Дата на вписване в системата Местоположение - отдел Цена в лева Инвентарен номер Систематично азбучна сигнатура Баркод Цена в евро Служебен тип на артикула
  Не е изгубен Universal Decimal Classification Не е повреден без рестрикции ползва се в читалня 786077 Регионална библиотека "Любен Каравелов" Русе Регионална библиотека "Любен Каравелов" Русе Хранилище 2020-07-24 Хранилище 2.22 542368 Цб І 39669 120000542368 1.14 Книги
Vip Innovations Ltd, Rousse, Bulgaria 2025